Statistiques concernant La réponse est Cal...

Cliquez ici pour prendre le quiz!

Statistiques générales

  • Ce quiz a été pris 558 fois
  • Le résultat moyen est 15 sur 20

Statistiques - réponses

IndiceRéponse% Correct
Art consistant à bien former les caractères de l'écritureLa calligraphie
97%
État américain gouverné par Arnold Schwarzenegger de novembre 2003 à janvier 2011La Californie
95%
"C'est vraiment trop injuste" pour ce petit poussin fictifCalimero
93%
Type de pizza prenant la forme d'un chausson fourréLa calzone
92%
Fausse accusation, mensonge déshonorant une personneLa calomnie
87%
Minéral le plus abondant dans le corps humainLe calcium
86%
Animal marin pourvu de tentacules comptant près de 300 espècesLe calmar
86%
Série de jeux vidéo sur la guerre éditée par Activision dont le premier opus est sorti en 2003Call of Duty
85%
Véhicule hippomobile de promenade à quatre rouesLa calèche
81%
Il a chanté Prendre racine en 2002Calogero
79%
Fut la capitale de l'Inde de 1773 à 1911Calcutta
76%
Grande figure de la conquête de l'Ouest dont le vrai nom était Martha Jane CannaryCalamity Jane
72%
Empereur romain mort en 41 qui était réputé pour sa cruautéCaligula
72%
Machine inventée par Blaise Pascal en 1645La calculatrice
68%
Petit gâteau en forme de losange originaire d'Aix-en-ProvenceLe calisson
67%
Département où vivent les Lexoviens et les BajocassesLe Calvados
63%
Désigne un jeu de mots se basant sur des ressemblances de sons avec des sens différents comme "Pas de chauve à Ajaccio, mais à Calvi si !"Le calembour
60%
Forme du protestantisme apparue en France à partir de 1536Le calvinisme
54%
Navire océanographique utilisé par le Commandant CousteauLe Calypso
54%
Plus grande ville de l'AlbertaCalgary
41%

Distribution des résultats

Percentile par nombre de réponses

% des personnes avec chaque résultat

Votre développement - résultats

Vous n’avez pas pris ce quiz